000 00935na a2200289 4500
001 18288
003 MIRAKIL
005 20181213155033.0
008 161116b tu 000 0
020 _a9789944252034
040 _aMilas
_btur
_cTR-AnCHP
041 _atur
082 _a016.091
_bM21 2007
090 _a016.091 M21 2007
245 _aMacar Bilimler Akademisi Kütüphanesi'ndeki Türkçe el yazmaları kataloğu
_c[hazırlayanlar] İsmail Parlatır, György Hazai
246 _aTürkçe el yazmaları kataloğu
260 _aAnkara
_bTÜBA
_c2007
300 _axxx, 530, [32] s.
_c27 sm.
490 _aTürkiye Bilimler Akademisi Yayınları
_v13
504 _aKaynakça ve dizin var.
610 _aMacar Bilimler Akademisi
_xKataloglar
650 _aTükçe el yazmaları
_xKataloglar
650 _aEl yazmaları
_xKataloglar
700 _aHazai, György
700 _aParlatır, İsmail
942 _2dcc
_cBKS
999 _c5340
_d5340